[Event "Challenge"]
[Site "http://www.queenalice.com/game.php?id=1319045"]
[Date "2014.10.29"]
[Round "-"]
[White "joshaKarpio"]
[Black "Knighthawk"]
[Result "1-0"]
[WhiteElo "1261"]
[BlackElo "1668"]

1. Nc3 d5 2. d4 e6 3. a3 h6 4. h4 Nc6 5. Nf3 Nf6 6. Bf4 Be7 7. b4 a6 8. e3 O-O
9. Qd3 b5 10. g4 Nxg4 11. Bh3 Nf6 12. Rg1 Nh5 13. Bxh6 f6 14. Bxg7 Nxg7 15. Qg6
Bd6 16. Qxg7# 1-0

[Event "Challenge"]
[Site "http://www.queenalice.com/game.php?id=1319046"]
[Date "2014.10.29"]
[Round "-"]
[White "joshaKarpio"]
[Black "Vrscika"]
[Result "0-1"]
[WhiteElo "1366"]
[BlackElo "1925"]

1. Nc3 d5 2. d4 Nf6 3. h3 Nc6 4. Bf4 e6 5. Nb5 Bd6 6. Nxd6+ cxd6 7. Bg5 Qb6 8.
c3 Qxb2 9. Bd2 Ne4 10. Nf3 Nxc3 11. Bxc3 Qxc3+ 12. Nd2 Nxd4 13. Rc1 Qa5 14. e3
Nc6 15. Be2 Bd7 16. O-O O-O 17. Rb1 Rab8 18. a4 Rfc8 19. Bd3 Nb4 20. Bxh7+ Kxh7
21. Qh5+ Kg8 22. Rb3 Bxa4 23. Ra3 Nc2 24. Nf3 Nxa3 25. Ng5 Be8 26. Qh7+ Kf8 27.
Qh8+ Ke7 28. Nh7 Bb5 29. Qxg7 Bxf1 30. Qf6+ Kd7 31. Qxf7+ Kc6 32. Nf6 Qe1 33.
Qxe6 Bc4+ 34. Kh2 Qxf2 35. Ng4 Qb2 36. Ne5+ Qxe5+ 37. Qxe5 dxe5 0-1

[Event "el caballero"]
[Site "http://www.queenalice.com/game.php?id=1319088"]
[Date "2014.10.29"]
[Round "-"]
[White "joshaKarpio"]
[Black "genehefty"]
[Result "1-0"]
[WhiteElo "1321"]
[BlackElo "1193"]

1. Nc3 Nf6 2. Nf3 g6 3. d4 Bg7 4. h3 d5 5. Nh2 O-O 6. g4 Nbd7 7. g5 Ne4 8. Nxd5
Nb6 9. Nxb6 axb6 10. Bg2 Bxd4 11. e3 Ra4 12. c3 Nxc3 13. Qc2 b5 14. bxc3 Bg7 15.
O-O c5 16. Bb2 Bd7 17. Rfd1 Rc4 18. Rd3 b4 19. Qb3 b5 20. Rad1 Qc8 21. Rxd7 Bxc3
22. Bc1 Bd4 23. Rb7 Rc3 24. Qd5 Rd8 25. Qe4 e5 26. Ra7 b3 27. Qh4 Rc4 28. Qh6 b2
29. exd4 bxc1=Q 30. Rxc1 Rxc1+ 31. Nf1 cxd4 32. Qh4 Qc5 33. Rxf7 Kxf7 34. Qxh7+
Ke6 35. Qxg6+ Kd7 36. Qf7+ Kc8 37. Qb7# 1-0

[Event "The good friend"]
[Site "http://www.queenalice.com/game.php?id=1319090"]
[Date "2014.10.29"]
[Round "-"]
[White "genehefty"]
[Black "joshaKarpio"]
[Result "0-1"]
[WhiteElo "1182"]
[BlackElo "1332"]

1. Nf3 Nf6 2. g3 d5 3. Bg2 e6 4. c4 h6 5. d4 Nh7 6. Qd3 f5 7. Ne5 Rg8 8. Bh3 c6
9. Nd2 Ng5 10. g4 Qb6 11. c5 Qd8 12. Ndf3 Nxh3 13. gxf5 Qf6 14. fxe6 g6 15. Ng4
Qxe6 16. Nxh6 Bxh6 17. Bxh6 Nd7 18. Ng5 Nxg5 19. Bxg5 b5 20. b4 a5 21. Bd2 axb4
22. Bxb4 Nf6 23. f3 Qe7 24. Rg1 Bf5 25. e4 dxe4 26. fxe4 Bxe4 27. Qe3 Nd5 28.
Qe2 Nxb4 29. Kd2 Ra3 30. Rae1 Rxa2+ 31. Kd1 Rxe2 32. Kxe2 Nc2 33. Kf2 Rf8+ 34.
Kg3 Nxe1 35. Kh3 Bf5+ 36. Kg3 Qe3+ 0-1

[Event "Challenge"]
[Site "http://www.queenalice.com/game.php?id=1321250"]
[Date "2014.11.9"]
[Round "-"]
[White "sunking1"]
[Black "joshaKarpio"]
[Result "0-1"]
[WhiteElo "1423"]
[BlackElo "1432"]

1. d4 h6 2. d5 d6 3. c4 Nf6 4. Nc3 a6 5. f3 g5 6. e4 c5 7. g4 e5 8. Na4 Bd7 9.
Qb3 b5 10. cxb5 h5 11. h3 axb5 12. Bxb5 Bh6 13. h4 hxg4 14. hxg5 Bg7 15. Rxh8+
Bxh8 16. gxf6 Qxf6 17. Nb6 Qh4+ 18. Ke2 Qh2+ 19. Kd3 Qxg1 20. Nxa8 Qd4+ 21. Kc2
gxf3 22. Qxf3 Bf6 23. Nc7+ Ke7 24. Ne6 fxe6 25. Bxd7 Nxd7 26. dxe6 Kxe6 27. Bd2
d5 28. exd5+ Kd6 29. Be3 Qc4+ 30. Kd2 e4 31. Qf4+ Be5 32. Qf7 Qd3+ 33. Ke1 Qxe3+
34. Kd1 Qd3+ 35. Ke1 Bg3+ 36. Qf2 Qe3+ 37. Kf1 Qxf2# 0-1

[Event "Challenge"]
[Site "http://www.queenalice.com/game.php?id=1321604"]
[Date "2014.11.11"]
[Round "-"]
[White "mysticchess"]
[Black "joshaKarpio"]
[Result "0-1"]
[WhiteElo "1754"]
[BlackElo "1500"]

1. e4 a6 2. d3 Nc6 3. c3 h6 4. Nd2 e5 5. Ngf3 Nf6 6. h3 b5 7. Nb3 g5 8. Be3 d5
9. Qc2 dxe4 10. dxe4 Bb7 11. Bd3 b4 12. O-O g4 13. hxg4 Rg8 14. g5 Ng4 15. g3
hxg5 16. Bc4 Qf6 17. Qe2 Ne7 18. Bxg5 Rxg5 19. Nxg5 Qxg5 20. Nc5 Bc6 21. Nxa6
Rc8 22. Nxb4 Rd8 23. Nd3 Ng6 24. Qf3 f6 25. Rfd1 Qh5 26. Qg2 Bd7 27. Nc5 Bxc5
28. Rd2 Bc8 29. Re2 Nh6 30. b4 Bh3 31. Qh1 Qg4 32. bxc5 Nf4 33. Re3 Rd1+ 34.
Rxd1 Qxd1+ 35. Kh2 Ng4# 0-1

[Event "Challenge"]
[Site "http://www.queenalice.com/game.php?id=1321605"]
[Date "2014.11.11"]
[Round "-"]
[White "joshaKarpio"]
[Black "mysticchess"]
[Result "1-0"]
[WhiteElo "1472"]
[BlackElo "1782"]

1. e4 e5 2. a3 d6 3. Nc3 c6 4. h3 Nd7 5. b4 Ngf6 6. Nf3 h6 7. d4 Qc7 8. dxe5
dxe5 9. Bb2 Be7 10. Qd2 Nb6 11. Na4 Nxa4 12. Bxe5 Qb6 13. Bc4 Be6 14. Bd4 Qc7
15. Bxe6 fxe6 16. Ne5 Nh7 17. O-O c5 18. bxc5 Bxc5 19. Rad1 Rd8 20. Qf4 Bxd4 21.
Ng6 Rg8 22. Qxc7 Bf6 23. Rd6 Rxd6 24. Qxd6 Kf7 25. Nf4 Ng5 26. Qd7+ Be7 27. Qxa4
Rf8 28. Qd7 Rd8 29. Qxb7 Kg8 30. Qxe7 Ra8 31. Nxe6 Nf7 32. Rd1 a5 33. Rd8+ Nxd8
34. Qxg7# 1-0

[Event "Challenge"]
[Site "http://www.queenalice.com/game.php?id=1321606"]
[Date "2014.11.11"]
[Round "-"]
[White "joshaKarpio"]
[Black "mysticchess"]
[Result "1-0"]
[WhiteElo "1528"]
[BlackElo "1728"]

1. h3 e5 2. e4 d6 3. Qf3 h6 4. Bb5+ c6 5. Ba4 Nf6 6. Nc3 Nbd7 7. d3 Nb6 8. g4
Nxa4 9. Nxa4 b5 10. d4 bxa4 11. Bd2 exd4 12. e5 Nd5 13. b4 Be7 14. Ne2 dxe5 15.
Ng3 g6 16. O-O Ba6 17. Rfe1 Bf6 18. Ne4 Bh4 19. Nc5 Bb5 20. Rxe5+ Ne7 21. Bf4 g5
22. Nb7 Qd7 23. Rae1 O-O 24. Rxe7 Qd5 25. R1e4 gxf4 26. Qxf4 Bg5 27. Qf3 Qxa2
28. R7e5 Qxc2 29. Nd6 f6 30. Re6 Qb1+ 31. Kh2 Qxb4 32. Qf5 Kh8 33. Re7 Qxd6+ 34.
Kg1 Qxe7 35. Rxe7 1-0

[Event "Challenge"]
[Site "http://www.queenalice.com/game.php?id=1321607"]
[Date "2014.11.11"]
[Round "-"]
[White "joshaKarpio"]
[Black "Knighthawk"]
[Result "1-0"]
[WhiteElo "1389"]
[BlackElo "1649"]

1. Nc3 d5 2. d4 e6 3. a3 Bd6 4. h3 Nf6 5. g4 O-O 6. Bg2 a6 7. Bf3 g6 8. Bg5 Nbd7
9. h4 Qe8 10. Bh6 Qe7 11. h5 Re8 12. Bg5 c5 13. Qd2 c4 14. h6 e5 15. Nxd5 Qe6
16. Nxf6+ Nxf6 17. d5 Qe7 18. e4 b5 19. Ne2 a5 20. Nc3 Bd7 21. b3 cxb3 22. cxb3
Bxa3 23. O-O Bb4 24. d6 Qe6 25. Qd3 Bxc3 26. Qxc3 Nxg4 27. Bg2 Qxd6 28. Rad1 Qe6
29. f3 Nf6 30. Kh2 Nh5 31. Bh3 Qxh3+ 32. Kg1 Ng3 33. Kf2 Nxf1 34. Rxf1 Qh2+ 35.
Ke3 Qh3 36. Bf4 Qxf1 37. Bxe5 Be6 38. Bg3 Rac8 39. Qg7# 1-0

[Event "Challenge"]
[Site "http://www.queenalice.com/game.php?id=1321608"]
[Date "2014.11.11"]
[Round "-"]
[White "Knighthawk"]
[Black "joshaKarpio"]
[Result "0-1"]
[WhiteElo "1678"]
[BlackElo "1364"]

1. e4 e5 2. Nf3 a6 3. Bc4 d6 4. O-O f6 5. Bxg8 Rxg8 6. d3 g5 7. h3 g4 8. hxg4
Bxg4 9. Nbd2 Bh6 10. b3 Qd7 11. Qe1 Qg7 12. g3 Bxd2 13. Bxd2 Bxf3 14. Qe3 Qg4
15. Qh6 Nd7 16. Qxh7 O-O-O 17. Qf5 Rh8 18. Qxg4 Rh1# 0-1

[Event "Challenge"]
[Site "http://www.queenalice.com/game.php?id=1321817"]
[Date "2014.11.12"]
[Round "-"]
[White "Vrscika"]
[Black "joshaKarpio"]
[Result "1-0"]
[WhiteElo "1963"]
[BlackElo "1393"]

1. e4 e5 2. Nf3 f6 3. d4 Qe7 4. Nc3 c6 5. Be2 g5 6. Be3 b5 7. a3 a5 8. dxe5 h6
9. Nh4 gxh4 10. Bh5+ Qf7 11. Nd5 Na6 12. Bxf7+ Kxf7 13. Qh5+ Ke6 14. Qe8+ Be7
15. Nf4+ Kxe5 16. O-O-O Bb7 17. Qh5+ 1-0

[Event "Challenge"]
[Site "http://www.queenalice.com/game.php?id=1321818"]
[Date "2014.11.12"]
[Round "-"]
[White "joshaKarpio"]
[Black "Vrscika"]
[Result "0-1"]
[WhiteElo "1391"]
[BlackElo "1965"]

1. Nc3 c5 2. Nf3 e6 3. e4 a6 4. h4 Qc7 5. d3 Nc6 6. a3 Nf6 7. Be2 b5 8. g3 Be7
9. Ng5 O-O 10. Bf4 d6 11. Nh3 Bd7 12. b4 cxb4 13. axb4 Nd4 14. h5 Qxc3+ 15. Kf1
Nxe2 16. Kxe2 e5 17. Bd2 Nxe4 18. Kf1 Nxd2+ 19. Kg2 Bc6+ 20. Kg1 Bf3 21. Kh2
Bxd1 0-1

[Event "Challenge"]
[Site "http://www.queenalice.com/game.php?id=1324999"]
[Date "2014.11.28"]
[Round "-"]
[White "sunking1"]
[Black "joshaKarpio"]
[Result "0-1"]
[WhiteElo "1425"]
[BlackElo "1528"]

1. c4 e6 2. Nf3 f6 3. d4 c5 4. d5 Ne7 5. Nc3 e5 6. e4 d6 7. Nb5 Ng6 8. h3 h5 9.
g3 a6 10. a4 axb5 11. cxb5 Nd7 12. Nh4 Ne7 13. Be2 g6 14. f4 Qc7 15. b3 b6 16.
f5 gxf5 17. Nxf5 Nxf5 18. exf5 e4 19. g4 hxg4 20. Bxg4 Rh4 21. Qe2 Ne5 22. Qf2
Nd3+ 23. Ke2 Nxf2 24. Kxf2 c4 25. b4 c3 26. Ke3 Qc4 27. Kf4 Qd3 28. Ra3 Bh6# 0-1

[Event "Challenge"]
[Site "http://www.queenalice.com/game.php?id=1326564"]
[Date "2014.12.7"]
[Round "-"]
[White "joshaKarpio"]
[Black "Knighthawk"]
[Result "1-0"]
[WhiteElo "1448"]
[BlackElo "1639"]

1. Nc3 e5 2. Nf3 Nc6 3. a3 d6 4. h3 Nf6 5. e4 a6 6. b4 Be7 7. g4 Nd7 8. h4 h6 9.
Bc4 O-O 10. d3 Nf6 11. g5 hxg5 12. hxg5 Nh7 13. d4 exd4 14. Nxd4 Bxg5 15. Qh5
Bh6 16. Bxh6 Qf6 17. Rg1 g6 18. Rxg6+ Qxg6 19. Qxg6+ Kh8 20. Qg7# 1-0

[Event "Challenge"]
[Site "http://www.queenalice.com/game.php?id=1326565"]
[Date "2014.12.7"]
[Round "-"]
[White "Knighthawk"]
[Black "joshaKarpio"]
[Result "1-0"]
[WhiteElo "1641"]
[BlackElo "1540"]

1. e4 e5 2. Bc4 Nh6 3. d3 g5 4. Nh3 f6 5. Qh5+ Ke7 6. O-O c6 7. f3 d5 8. Bb3
dxe4 9. dxe4 Qd4+ 10. Nf2 Bd7 11. c3 Qb6 12. Nd2 Kd8 13. Nc4 Qb5 14. a4 Qxb3 15.
Nd2 Qc2 16. Ng4 Bxg4 17. fxg4 Nd7 18. Qh3 Bc5+ 19. Kh1 Nf7 20. Nc4 Qxe4 21. Nd2
Qe2 22. Rg1 Bxg1 23. Kxg1 Nc5 24. Qg3 Ne4 25. Nxe4 Qd1+ 26. Kf2 Qc2+ 27. Bd2
Qxe4 28. Kg1 Kc7 29. Re1 Qc2 30. Be3 Rhd8 31. h3 Rd3 32. Qf3 Rd1 33. Rxd1 Rd8
34. Rf1 Rd6 35. Bxg5 Nxg5 36. Qf5 Qxb2 37. h4 Nf7 38. Qxh7 Rd7 39. Rxf6 Qa2 40.
a5 Qxa5 41. Rxf7 Rxf7 42. Qxf7+ Kb6 43. h5 e4 44. Qb3+ Ka6 45. Qc4+ Kb6 46. h6
Qe5 47. Qd4+ Qxd4+ 48. cxd4 e3 49. Kf1 a5 50. h7 a4 51. h8=Q a3 52. Qa8 c5 53.
dxc5+ Kxc5 54. Qxa3+ Kd4 55. Ke2 1-0

[Event "asesino"]
[Site "http://www.queenalice.com/game.php?id=1327873"]
[Date "2014.12.13"]
[Round "-"]
[White "joshaKarpio"]
[Black "genehefty"]
[Result "1-0"]
[WhiteElo "1526"]
[BlackElo "1156"]

1. Nf3 Nc6 2. Nc3 b6 3. d4 e6 4. Bf4 Bb4 5. a3 Bd6 6. Qd2 Nb4 7. Bxd6 cxd6 8.
axb4 a5 9. e4 Bb7 10. b5 Ra7 11. Ra4 Ne7 12. Qf4 O-O 13. Bc4 Qc8 14. Nd2 Qb8 15.
Nf3 h6 16. Bd3 Ng6 17. Qg4 d5 18. e5 d6 19. Ne2 Qe8 20. Nh4 dxe5 21. Ng3 Ba6 22.
Nh5 Bxb5 23. Bxg6 Bxa4 24. Bh7+ 1-0

[Event "Challenge"]
[Site "http://www.queenalice.com/game.php?id=1334297"]
[Date "2015.1.11"]
[Round "-"]
[White "joshaKarpio"]
[Black "mysticchess"]
[Result "0-1"]
[WhiteElo "1494"]
[BlackElo "1733"]

1. e3 e5 2. Qf3 d5 3. a3 Nf6 4. b4 Bd6 5. Nc3 Bg4 6. Qg3 e4 7. f4 h5 8. h4 Nbd7
9. Bb2 Nb6 10. d3 Qe7 11. Nge2 Rh6 12. d4 Rg6 13. Qf2 Nc4 14. Ng3 Nxb2 15. Bb5+
c6 16. Bf1 Bd7 17. Rb1 Ng4 18. Qe2 Nc4 19. Nxh5 Ncxe3 20. Nd1 Nc4 21. g3 Nxa3
22. Rb3 Bxb4+ 23. c3 Bd6 24. Rxb7 Nb5 25. Bh3 f5 26. c4 Nxd4 27. Qd2 Nf3+ 28.
Ke2 Nxd2 29. Kxd2 e3+ 30. Ke2 Qe4 31. Rg1 Qxc4+ 32. Kf3 e2 33. Nb2 Qe4# 0-1

[Event "Challenge"]
[Site "http://www.queenalice.com/game.php?id=1334298"]
[Date "2015.1.11"]
[Round "-"]
[White "mysticchess"]
[Black "joshaKarpio"]
[Result "0-1"]
[WhiteElo "1787"]
[BlackElo "1498"]

1. e4 e5 2. Nf3 Qf6 3. d3 h6 4. Nbd2 g5 5. h3 Nc6 6. c3 d6 7. Nb3 Be6 8. Be3 g4
9. hxg4 Bxg4 10. Be2 a5 11. a4 Bg7 12. d4 O-O-O 13. d5 Nce7 14. Nxa5 Ng6 15. Qb3
Kd7 16. Qxb7 Ke8 17. Qxc7 Rc8 18. Bb5+ Kf8 19. Qa7 Bxf3 20. gxf3 Qxf3 21. Rf1
Qxe4 22. Qd7 N6e7 23. Qxd6 Bf6 24. Ba6 Ra8 25. Rd1 Bh4 26. Ke2 h5 27. Nc4 Rh6
28. Qxe5 Qg4+ 29. Kd2 Raxa6 30. Qb8+ Nc8 31. Ne5 Qf5 32. Bxh6+ Rxh6 33. Qb4+ Be7
34. Qd4 Rd6 35. Kc1 Nb6 36. Nc6 Nxd5 37. Nxe7 Ngxe7 38. Rg1 Ng6 39. Rde1 Re6 40.
Rd1 Ndf4 41. Qb4+ Kg7 42. Qd4+ Kh6 43. Qd2 Re2 44. Rxg6+ fxg6 45. Qxe2 Nxe2+ 46.
Kd2 Qxf2 47. Kd3 h4 48. Kd2 h3 49. Kc2 h2 50. Kb3 Ng1 51. Rd8 Qf6 52. Rd1 h1=Q
0-1